|
|
|
|
| LEADER |
00000nab a2200000 ar4500 |
| 001 |
vtls010326786 |
| 003 |
SK-MaSNL |
| 005 |
20260303091236.0 |
| 008 |
111128c2010 xo mr|p|||||||000 b|slo |
| 038 |
|
|
|a SNSK
|
| 040 |
|
|
|b slo
|c SNSK
|e AACR2
|
| 041 |
|
|
|a slo
|
| 044 |
|
|
|a xo
|c SK
|
| 080 |
|
|
|a 377.5
|x (437.672.121.142)
|x (091)
|2 2001
|
| 080 |
|
|
|a 622
|2 2001
|
| 100 |
1 |
|
|a Smolejová, Lucia,
|c PhDr.
|4 aut
|9 1094318
|
| 245 |
1 |
0 |
|a Oslavy 60. výročia založenia Strednej priemyselnej školy v Spišskej Novej Vsi
|c Lucia Smolejová
|
| 610 |
2 |
7 |
|a Stredná priemyselná škola (Spišská Nová Ves, Slovensko)
|2 snsk
|9 636945
|
| 610 |
2 |
7 |
|a Stredná priemyselná škola banícka a geologická (Spišská Nová Ves, Slovensko)
|x dejiny
|2 snsk
|9 1099266
|
| 650 |
0 |
7 |
|a 60. výročie
|2 snsk
|9 604636
|
| 650 |
0 |
7 |
|a dejiny
|2 snsk
|9 3825
|
| 651 |
|
7 |
|a Spišská Nová Ves (Slovensko)
|2 snsk
|9 28800
|
| 773 |
0 |
|
|t Ičko. Informátor. Kultúrno-spoločenský mesačník mesta Spišská Nová Ves
|g Č. 12/10 [2010], s. 7.
|
| 852 |
|
|
|a SNSK
|b KIS3GCP
|
| 999 |
|
|
|c 1806732
|d 1808662
|